Geography Quiz

Random Geography or Asia Quiz

Hidden Neighbors of Azerbaijan Quiz Stats

 Plays Quiz not verified by Sporcle

Score 0/5 Timer 00:30
2 Plays Today
% Correct
Armenia
89.4%
Georgia
85.5%
Russia
79.7%
Iran
78.5%
Turkey
62.2%

You're not logged in!

Compare scores with friends on all Sporcle quizzes.
OR
Log In

Show Comments

Extras

Top Quizzes Today


Score Distribution

Your Account Isn't Verified!

In order to create a playlist on Sporcle, you need to verify the email address you used during registration. Go to your Sporcle Settings to finish the process.

Report this User

Report this user for behavior that violates our Community Guidelines.

Details: